书目信息 |
| 题名: |
第二国际的理论争论与马克思主义的分野
|
|
| 作者: | 刘雅琪, 著 | |
| 分册: | ||
| 出版信息: | 北京 光明日报出版社 2019.09 |
|
| 页数: | 162页 | |
| 开本: | 24cm | |
| 丛书名: | 高校社科研究文库 | |
| 单 册: | ||
| 中图分类: | D14 , A81 | |
| 科图分类: | ||
| 主题词: | 第二国际--di er guo ji--研究 , 马克思主义--ma ke si zhu yi--研究 | |
| 电子资源: | ||
| ISBN: | 978-7-5194-5141-7 | |
| 000 | 01436nam 2200301 450 | |
| 001 | CAL 0120192869218 | |
| 005 | 20230217093111.0 | |
| 010 | @a978-7-5194-5141-7@dCNY68 | |
| 100 | @a20191030d2019 em y0chiy0120 ea | |
| 101 | 0 | @achi |
| 102 | @aCN@b110000 | |
| 105 | @ay a 000yy | |
| 106 | @ar | |
| 200 | 1 | @a第二国际的理论争论与马克思主义的分野@Adi er guo ji de li lun zheng lun yu ma ke si zhu yi de fen ye@f刘雅琪著 |
| 210 | @a北京@c光明日报出版社@d2019.09 | |
| 215 | @a162页@d24cm | |
| 225 | 2 | @a高校社科研究文库@Agao xiao she ke yan jiu wen ku |
| 314 | @a刘雅琪, 现为中山大学马克思主义学院博士后。 | |
| 320 | @a有书目 | |
| 330 | @a本书是研究第二国际的学术著作。本书以“对资本主义发展状况的分析 (现状) —对社会主义实现方式的调整与探索 (路径) —对未来共产主义社会的科学预测 (目标) ”为分析和研究框架 ; 讨论了“经典马克思主义”理论家随着资本主义发展的新变化对实现社会主义的方式的认知与调整 ; 解读了在第二国际时期, 马克思主义理论家面对资本主义的新变化提出的重大课题, 在将马克思主义同文化传统不尽相同的各国现实时, 就“社会主义实现方式”问题所引起的相关理论争论与分歧, 从争论中探求马克思主义的理论精髓和正确对待马克思主义的态度。 | |
| 410 | 0 | @12001 @a高校社科研究文库 |
| 606 | 0 | @a第二国际@Adi er guo ji@x研究 |
| 606 | 0 | @a马克思主义@Ama ke si zhu yi@x研究 |
| 690 | @aD14@v5 | |
| 690 | @aA81@v5 | |
| 701 | 0 | @a刘雅琪,@Aliu ya qi@f1988-@4著 |
| 801 | 0 | @aCN@bBJXHZP@c20230222 |
| 905 | @b1393112-5@dD14@e12@f4@S@Z | |
| 第二国际的理论争论与马克思主义的分野/刘雅琪著.-北京:光明日报出版社,2019.09 |
| 162页;24cm.-(高校社科研究文库) |
| ISBN 978-7-5194-5141-7:CNY68 |
| 本书是研究第二国际的学术著作。本书以“对资本主义发展状况的分析 (现状) —对社会主义实现方式的调整与探索 (路径) —对未来共产主义社会的科学预测 (目标) ”为分析和研究框架 ; 讨论了“经典马克思主义”理论家随着资本主义发展的新变化对实现社会主义的方式的认知与调整 ; 解读了在第二国际时期, 马克思主义理论家面对资本主义的新变化提出的重大课题, 在将马克思主义同文化传统不尽相同的各国现实时, 就“社会主义实现方式”问题所引起的相关理论争论与分歧, 从争论中探求马克思主义的理论精髓和正确对待马克思主义的态度。 |
| ● |
| 相关链接 |
|
|
|
|
正题名:第二国际的理论争论与马克思主义的分野
索取号:D14/12
 
预约/预借
| 序号 | 登录号 | 条形码 | 馆藏地/架位号 | 状态 | 备注 |
| 1 | 1393112 | 213931129 | 第一样本阅览室/ [索取号:D14/12] | 在馆 | |
| 2 | 1393113 | 213931138 | 第一借阅区/ [索取号:D14/12] | 在馆 | |
| 3 | 1393114 | 213931147 | 第一借阅区/ [索取号:D14/12] | 在馆 | |
| 4 | 1393115 | 213931156 | 第一借阅区/ [索取号:D14/12] | 在馆 |